| 000 -LEADER |
| fixed length control field |
00697nam a2200169Ia 4500 |
| 020 ## - INTERNATIONAL STANDARD BOOK NUMBER |
| ISBN |
9251049432 |
| 040 ## - CATALOGING SOURCE |
| Transcribing agency |
IRU |
| 082 ## - DEWEY DECIMAL CLASSIFICATION NUMBER |
| Classification number |
333 FAO 2003 C074 Or. |
| 245 00 - TITLE STATEMENT |
| Title |
Agriculture, food and water |
| 300 ## - PHYSICAL DESCRIPTION |
| Number of Pages |
viii, 61 pages : |
| Other physical details |
color illustrations ; |
| Dimensions |
25 cm |
| 500 ## - GENERAL NOTE |
| General note |
"World Water Assessment Programme"--cover |
| 500 ## - GENERAL NOTE |
| General note |
"Based on "Water for people--Water for life, the United Nations World water development report ... where it appears as chapter 8 "Securing food for a growing population. "A slightly modified version of chapter 8."--p. iv |
| 650 #0 - SUBJECT ADDED ENTRY--TOPICAL TERM |
| Topical Term |
Water in agriculture. |
| 650 #0 - SUBJECT ADDED ENTRY--TOPICAL TERM |
| Topical Term |
Water-supply |
| 710 2# - ADDED ENTRY--CORPORATE NAME |
| Corporate name or jurisdiction name as entry element |
World Water Assessment Programme (United Nations) |
| 942 ## - ADDED ENTRY ELEMENTS (KOHA) |
| Koha item type |
ADB |
| 952 ## - LOCATION AND ITEM INFORMATION (KOHA) |
| Withdrawn status [LOCAL, KOHA] |
0 |